Sports Quiz

Random Sports or Baseball Quiz

Baseball's Early Stars (1871-1883) Quiz Stats

 Plays Quiz not verified by Sporcle

Also try: WNBA Champions
Challenge
Share
Tweet
Embed
Score 0/41 Timer 04:00
0 Plays Today
Category Player % Correct
Games PlayedCap Anson
98.2%
HitsCap Anson
98.2%
Batting AverageCap Anson
98.2%
Wins Above Average (Hitter)Cap Anson
98.2%
Home RunsDan Brouthers
64.3%
Batting AverageDan Brouthers
64.3%
WinsAl Spalding
62.5%
Earned Run AverageAl Spalding
62.5%
Wins Above Average (Pitcher)Al Spalding
62.5%
WinsPud Galvin
57.1%
HitsDeacon White
44.6%
Wins Above Average (Hitter)Deacon White
44.6%
WinsWill White
44.6%
Earned Run AverageWill White
44.6%
Home RunsCharley Jones
37.5%
Games PlayedJim O'Rourke
35.7%
HitsJim O'Rourke
35.7%
Home RunsJim O'Rourke
35.7%
Earned Run AverageMonte Ward
33.9%
Batting AverageRoss Barnes
30.4%
Wins Above Average (Hitter)Ross Barnes
30.4%
Category Player % Correct
Wins Above Average (Hitter)George Wright
30.4%
WinsTommy Bond
28.6%
Earned Run AverageTommy Bond
28.6%
Wins Above Average (Pitcher)Tommy Bond
28.6%
WinsBobby Mathews
26.8%
Wins Above Average (Pitcher)Bobby Mathews
26.8%
Wins Above Average (Pitcher)Candy Cummings
26.8%
HitsPaul Hines
19.6%
Home RunsHarry Stovey
19.6%
Home RunsPaul Hines
19.6%
Home RunsLip Pike
19.6%
Wins Above Average (Hitter)Paul Hines
19.6%
Games PlayedJoe Start
17.9%
HitsJoe Start
17.9%
Batting AverageCal McVey
16.1%
Batting AverageLevi Meyerle
14.3%
Earned Run AverageJim Devlin
14.3%
Wins Above Average (Pitcher)Jim McCormick
14.3%
Games PlayedTom York
7.1%
Games PlayedJack Burdock
1.8%

You're not logged in!

Compare scores with friends on all Sporcle quizzes.
Join for Free
OR
Log In

You Might Also Like...

Show Comments

Extras

Top Quizzes Today


Score Distribution

Your Account Isn't Verified!

In order to create a playlist on Sporcle, you need to verify the email address you used during registration. Go to your Sporcle Settings to finish the process.

Report this User

Report this user for behavior that violates our Community Guidelines.

Details: